Szczegóły MARC21

Wyspa wielkiej matki ; Wanda /

003 -Nazwa inst., której nr kontr. jest w polu 001 [,]
    • @
    • Nazwa instytucji, której n kontrolny jest w polu 001
    • NUKAT
005 -DATA I CZAS OSTATNIEJ MODYFIKACJI [,]
    • @
    • pole kontrolne
    • 20241231104844.0
020 -Międzynarod. znormalizowany nr książki - ISBN [ , ]
    • a
    • Numer ISBN
    • 8385336516 Find
040 -Instytucja sporządzająca opis [ , ]
    • a
    • Instytucja, która sporządziła opis (NP)
    • OLSZT 003/WO
    • c
    • Instytucja, która sporządziła rekord (NP)
    • OLSZT 003/WO
    • d
    • Instytucja, która zmodyfikowała rekord (P)
    • WA U/BO
    • d
    • Instytucja, która zmodyfikowała rekord (P)
    • Ł U/ASs
041 -Język dokumentu [1, ]
    • a
    • Język tekstu (P)
    • polski
    • h
    • Język tekstu oryginalnego i/lub pośredniego (P)
    • niemiecki
942 -Rodzaj dokumentu [ , ]
    • c
    • Rodzaj dokumentu
    • Książka
100 -Hasło główne - nazwa osobowa [1, ]
    • a
    • Nazwa osobowa (NP)
    • Hauptmann, Gerhart
    • d
    • Daty biograficzne (NP)
    • (1862-1946).
    • 9
    • KHW
    • 37278
240 -Tytuł ujednolicony [1,0]
    • a
    • Tytuł ujednolicony
    • Insel der grossen Mutter oder Das Wunder von Île des Dames
    • l
    • Język tekstu
    • (pol.)
    • 9
    • KHW
    • 59707
245 -Strefa tytułu i oznaczenia odpowiedzialności [1,0]
    • a
    • Tytuł
    • Wyspa wielkiej matki ; Find
    • b
    • Ciąg dalszy tytułu (NP)
    • Wanda / Find
    • c
    • Pozostałe elementy strefy tytułu i oznaczenia odpowiedzialności (NP)
    • Gerhart Hauptmann ; wybór i oprac.: Piotr Knapik ; [przekł. Jolanta Szafarz, Edward Białek].
246 -Wariant tytułu [1, ]
    • i
    • Tekst wyświetlany na ekranie monitora (NP)
    • Tyt. oryg.:
    • a
    • Tytuł (NP)
    • Insel der grossen Mutter
260 -Strefa adresu wydawniczego [ , ]
    • a
    • Miejsce wydania (P)
    • Wrocław :
    • b
    • Nazwa wydawcy (P)
    • Wydawnictwo Europa,
    • c
    • Data wydania (P)
    • 1997.
300 -Strefa opisu fizycznego [ , ]
    • a
    • Określenie formy książki i/lub objętość (NP)
    • 339, [3] s. ;
    • c
    • Format (NP)
    • 21 cm.
336 -Typ zawartości [ , ]
    • a
    • Termin opisujący typ zawartości
    • Tekst
    • b
    • Kod określający zawartość
    • txt
    • 2
    • Źródło (terminu i kodu)
    • rdacontent
337 -Typ mediów [ , ]
    • a
    • Tryb odtwarzania
    • Bez urządzenia pośredniczącego
    • b
    • Kod typu mediów
    • n
    • 2
    • Źródło (terminu i kodu)
    • rdamedia
338 -Typ/rodzaj nośnika [ , ]
    • a
    • Hasło opisujące typ nośnika
    • Wolumin
    • b
    • Kod typu nośnika
    • nc
    • 2
    • Źródło (terminu i kodu)
    • rdacarrier
490 -Strefa serii i książki wielotomowej - forma nie do wyszukiwania [1, ]
    • a
    • Tytuł (P)
    • Dzieła / Gerhart Hauptmann ; Find
    • v
    • Numeracja (P)
    • 4
080 -Uniwersalna Klasyfikacja Dziesiętna [ , ]
    • a
    • Symbol klasyfikacji
    • 830-1/-9(081)
655 -Hasło w funkcji tematu formalnego [ ,7]
    • a
    • Hasło
    • Powieść niemiecka
    • y
    • Określnik chronologiczny
    • 1900-1945
    • v
    • Określnik formy
    • tłumaczenia polskie.
    • 2
    • Źródło terminu
    • kaba
    • 9
    • KHW
    • 351473
980 -Symbol UKD [ , ]
    • a
    • UKD
    • 830-1/-9(081)
700 -Hasło dodatkowe - nazwa osobowa [1, ]
    • a
    • Nazwa osobowa (NP)
    • Knapik, Piotr Find
    • d
    • Daty biograficzne (NP)
    • (1954- ).
    • e
    • Określenie rodzaju współpracy
    • Oprac.
    • 9
    • KHW
    • 586592
700 -Hasło dodatkowe - nazwa osobowa [1,2]
    • a
    • Nazwa osobowa (NP)
    • Hauptmann, Gerhart Find
    • d
    • Daty biograficzne (NP)
    • (1862-1946).
    • t
    • Tytuł ujednolicony/tytuł (NP)
    • Wanda Find
    • l
    • Język tekstu (NP)
    • (pol.)
    • 9
    • KHW
    • 644504
700 -Hasło dodatkowe - nazwa osobowa [1, ]
    • a
    • Nazwa osobowa (NP)
    • Szafarz, Jolanta Find
    • d
    • Daty biograficzne (NP)
    • (1949- ).
    • e
    • Określenie rodzaju współpracy
    • Tł.
    • 9
    • KHW
    • 416583
700 -Hasło dodatkowe - nazwa osobowa [1, ]
    • a
    • Nazwa osobowa (NP)
    • Białek, Edward Find
    • d
    • Daty biograficzne (NP)
    • (1956- ).
    • e
    • Określenie rodzaju współpracy
    • Tł.
    • 9
    • KHW
    • 12563
710 -Hasło dodatkowe - nazwa ciała zbiorowego [2, ]
    • a
    • Nazwa ciała zbiorowego lub nazwa geograficzna jako pierwszy element (NP)
    • Wydawnictwo EUROPA.
    • 4
    • Kod relacji
    • pbl
    • 9
    • KHW
    • 79813
800 -Hasło dodatkowe opisu książki wielotomowej - nazwa osobowa [1, ]
    • a
    • Nazwa osobowa (NP)
    • Hauptmann, Gerhart
    • d
    • Daty biograficzne (NP)
    • (1862-1946).
    • t
    • Tytuł ujednolicony/tytuł (NP)
    • Dzieła
    • v
    • Oznaczenie tomu (NP)
    • 4
    • 9
    • KHW
    • 589366
920 -ISBN [ , ]
    • a
    • ISBN
    • 83-85336-51-6 Find
Sygnatura Lokalizacja Data inwentaryzacji Status udost. Numer inwentarzowy
Pol. Literatura niemieckaBM1998-07-28-3P.14564